ბათუმის შოთა რუსთაველის სახელმწიფო უნივერსიტეტის ბიბლიოთეკა

Практическая номография (ბიბ.ჩანაწერი № 47991)

000 -LEADER
fixed length control field 00540nam a2200205Ia 4500
001 - CONTROL NUMBER
control field 14869
003 - CONTROL NUMBER IDENTIFIER
control field GE_BSU
008 - FIXED-LENGTH DATA ELEMENTS--GENERAL INFORMATION
fixed length control field 181216s||||||||xx |||||||||||||| ||und||
040 ## - CATALOGING SOURCE
Transcribing agency GE_BSU
080 ## - UNIVERSAL DECIMAL CLASSIFICATION NUMBER
Universal Decimal Classification number 519.675
100 ## - MAIN ENTRY--PERSONAL NAME
Personal name Блох,Л.С.
245 ## - TITLE STATEMENT
Title Практическая номография
245 ## - TITLE STATEMENT
Statement of responsibility, etc. Ред. А.М.Суходский
260 ## - PUBLICATION, DISTRIBUTION, ETC.
Place of publication, distribution, etc. Москва
260 ## - PUBLICATION, DISTRIBUTION, ETC.
Name of publisher, distributor, etc. Высшая школа
260 ## - PUBLICATION, DISTRIBUTION, ETC.
Date of publication, distribution, etc. 1971
300 ## - PHYSICAL DESCRIPTION
Extent 327стр.20см.
653 ## - INDEX TERM--UNCONTROLLED
Uncontrolled term Практическая номография
942 ## - ADDED ENTRY ELEMENTS (KOHA)
Koha item type წიგნი
ეგზემპლარები
Withdrawn status Lost status Damaged status Not for loan Date acquired Barcode Date last seen Price effective from Koha item type
        2018-12-17 17963 2018-12-17 2018-12-17 წიგნი
        2018-12-17 16950 2018-12-17 2018-12-17 წიგნი
        2018-12-17 17061 2018-12-17 2018-12-17 წიგნი